| 000 | 00499nam a22001577a 4500 | ||
|---|---|---|---|
| 001 | T027600003347 | ||
| 008 | 181111b xve|||||r|||| 00| | esp d | ||
| 099 |
_aIVP-D-00058.4 _b |
||
| 100 | _aInstituto Latinoamericado de Planificación Económica y Social (ILPES). | ||
| 245 | _aAntecedentes y elementos básicos para la elaboración de proyectos por el ILPES. | ||
| 260 | _a | ||
| 500 | _aFotocopiado | ||
| 650 | _aElaboración de Proyectos | ||
| 650 | _aProyectos de Desarrollo. | ||
| 942 | _cLIB | ||
| 999 |
_c4495 _d4495 |
||